Responses for show #7613 - Wednesday, October 18, 2017

Contestants

[<< previous game]

Chelsea Feltman, an opera singer and actor from Brooklyn, New York

Joanna Kimmitt, a librarian from Long Beach, California

Manny Abell, a Naval officer from Lacey, Washington (whose 3-day cash winnings total $42,799)

[next game >>]

Jeopardy! Round responses

GREAT PLACES TO PROPOSE
ALSO AN APPLE VARIETY
THEY WENT TO OXFORD
(Alex: And today would be Chuck Berry's 91st birthday, so the category is...)
HAIL! HAIL! CHUCK BERRY
BOOK-POURRI
IF THE HYPHEN BECOMES A LETTER
    $200 16
Victoria Falls

Manny
    $200 1
Empire

Joanna
    $200 6
Hugh Grant

Joanna
    $200 25
St. Louis

Manny
    $200 11
the Cat in the Hat

Joanna
    $200 26
(Alex: For op-ed.)

opted

Chelsea
    $400 17
the Taj Mahal

Joanna
    $400 2
a piƱata

Manny
    $400 7
Hubble

Joanna
    $400 21
the duck walk

Manny
    $400 12
Michael Caine

Chelsea
    $400 27
an upturn

Manny
    $600 18
the Millennium Wheel

Joanna
    $600 3
gala

Joanna
    $600 8
(Rupert) Murdoch

Joanna
    $600 22
Keith Richards

Manny
    $800 13
(Alex: Don't want to take a guess?)
(Chelsea: What is...)

Eight Men Out

Chelsea
    $600 28
coded

Chelsea
    $800 19
Pont-Neuf

Chelsea
    $800 4
a macintosh

Chelsea
    $800 9
Aung San Suu Kyi

Joanna
    $800 23
Little Richard

Triple Stumper
    $800 14
Genesis

Chelsea
    $800 29
(Alex: Good thing you didn't miss that.)

ensign

Manny
    $1000 20
Saint Lucia

Manny
    $1000 5
Granny Smith

Manny
    $1000 10
Lewis Carroll

Chelsea
    $1000 24
(Joanna: What is "Go, Johnny, Go"?)

"Johnny B. Goode"

MannyJoanna
    $1000 15
Augie March

Triple Stumper
    $1000 30
gyrate (or gyrated)

Joanna

Scores at the first commercial break (after clue 15):

Manny Joanna Chelsea
$1,400 $3,000 $2,200

Scores at the end of the Jeopardy! Round:

Manny Joanna Chelsea
$6,000 $4,000 $3,800

Double Jeopardy! Round responses

INTERNATIONAL INSTRUMENTS
X ABBREVIATIONS
THE HOLY ROMAN EMPIRE
STATUES
WATERWORKS
THE ELECTRIC COMPANY
    $400 1
lyre

Joanna
    $400 30
extra small and extra large

Joanna
    $400 22
Charlemagne

Manny
    $400 9
the Statue of Liberty

Joanna
    $400 6
chlorine

Joanna
    $400 29
(Joanna: What is "E"?)
(Alex: Be more specific.)
(Joanna: What is the letter "E"?)

a silent "E"

Joanna
Triple Stumper
    $800 2
the Alphorn

Joanna
    $800 18
ales

Triple Stumper
    $800 17
(Joanna: Who are the senators?)
(Manny: Who is the electorate?)

the electoral college or the electors

MannyJoanna
Triple Stumper
    $800 10
(Chelsea: What is the Sphinx?)

the Colossus of Rhodes (or the Statue of Zeus at Olympia)

MannyChelsea
    $800 7
merry-go-rounds

Triple Stumper
    $800 28
Joss Whedon

Joanna
    $1200 3
a didgeridoo

Manny
    $1200 19
cross-country

Manny
    $1200 14
the Ottomans

Manny
    $1200 11
Degas

Chelsea
    $1200 8
aqueducts

Chelsea
    $1200 27
"Hey, you guys!"

Triple Stumper
    $1600 4
the zither

Joanna
    $5,000 20
(Alex: For xenon, yes.)

Xe

Manny
    $1600 15
Wurms

Chelsea
    $3,000 12
(Chelsea: Who is Chavez?)

Simon Bolivar

Chelsea
    $1600 23
osmosis

Chelsea
    $1600 26
the Children's Television Workshop

Chelsea
    $2000 5
the balalaika

Joanna
    $2000 21
the Xhosa

Manny
    $2000 16
the Reichstag

Chelsea
    $2000 13
Russia

Manny
    $2000 24
spillways

Triple Stumper
    $2000 25
Chuck Jones

Triple Stumper

Scores at the end of the Double Jeopardy! Round:

Manny Joanna Chelsea
$19,000 $9,600 $9,200

[wagering suggestions for these scores]

Final Jeopardy! Round responses

HISTORIC CONNECTIONS
ChelseaWhat is the chickenpox vaccine?
$401
JoannaWhat is the eradication of smallpox?
$399
MannyWhat is in-vitro?
$17,000
the eradication of smallpox

Final scores:

Manny Joanna Chelsea
$2,000 $9,999 $8,799
3rd place: $1,000 New champion: $9,999 2nd place: $2,000

Game dynamics:

Coryat scores:

Manny Joanna Chelsea
$15,600 $9,600 $13,000
18 R
(including 1 DD),
1 W
18 R,
3 W
13 R,
3 W
(including 2 DDs)

Combined Coryat: $38,200

The J! Archive is created by fans, for fans. The Jeopardy! game show and all elements thereof, including but not limited to copyright and trademark thereto, are the property of Jeopardy Productions, Inc. and are protected under law. This website is not affiliated with, sponsored by, or operated by Jeopardy Productions, Inc. Join the discussion at JBoard.tv.